00313nam a2200121Ia 4500008004100000100001500041245005400056260003400110300000900144650001400153942000700167999001700174190216s9999||||xx |||||||||||||| ||und|| aAbdul Aziz 0aKendra Samsthana Dhanakarya Pravarthanam Indiayil bKerala Bhasha Institutec1975 a439p aEconomics cBK c40260d40260